Un nudo en el agua / (Record no. 106942)

MARC details
000 -LEADER
campo de control de longitud fija 00546nam a2200181 4500
001 - NÚMERO DE CONTROL
campo de control 106942
003 - IDENTIFICADOR DE NÚMERO DE CONTROL
campo de control ES-MaACL
005 - FECHA Y HORA DE LA ÚLTIMA TRANSACCIÓN
campo de control 20240417111739.0
007 - CAMPO FIJO DE DESCRIPCIÓN FÍSICA--INFORMACIÓN GENERAL
campo de control de longitud fija t|
008 - DATOS DE LONGITUD FIJA--INFORMACIÓN GENERAL
campo de control de longitud fija 061121s1971 sp r ||||1| spa d
100 1# - ENTRADA PRINCIPAL--NOMBRE DE PERSONA
Nombre de persona Moreno Ortega, Francisco.
9 (RLIN) 83421
245 13 - MENCIÓN DEL TÍTULO
Título Un nudo en el agua /
Mención de responsabilidad, etc. Francisco Moreno Ortega ; Angel Caffarena.
260 ## - PUBLICACIÓN, DISTRIBUCIÓN, ETC.
Lugar de publicación, distribución, etc. Málaga :
Nombre del editor, distribuidor, etc. El Guadalhorce,
Fecha de publicación, distribución, etc. 1971.
300 ## - DESCRIPCIÓN FÍSICA
Extensión 67 p. :
Otras características físicas il. ;
Dimensiones 22 cm.
700 1# - ENTRADA AGREGADA--NOMBRE PERSONAL
Nombre de persona Caffarena, Ángel,
Fechas asociadas al nombre 1914-1998
9 (RLIN) 33414
852 ## - LOCALIZACIÓN
Ubicación ES-MaACL
Número de control de estantería C-38687
Sublocalización o colección R.78793
Holdings
Estatus retirado Estado de pérdida Estado de daño No para préstamo Biblioteca de origen Biblioteca actual Ubicación en estantería Fecha de adquisición Fuente de adquisición Total de préstamos Signatura topográfica completa Código de barras Visto por última vez Precio de reemplazo Tipo de ítem Koha
        Biblioteca del Ateneo de Madrid Biblioteca del Ateneo de Madrid Depósito 2 17/01/2008     C-38687 1111624 23/02/2023 23/02/2023 Libro impreso